Polskie miasta po widoku satelitarnym - Statystyki

Ogólne statystyki
  • Ten quiz został rozwiązany 89 razy
    86 od ostatniego zresetowania
  • Średni wynik to 12 z 21
Statystyki odpowiedzi
Obrazkowy Odpowiedź % Poprawnych
Gdynia
85%
Kraków
83%
Warszawa
82%
Szczecin
78%
Wrocław
72%
Bydgoszcz
71%
Poznań
68%
Gdańsk
67%
Łódź
67%
Olsztyn
65%
Toruń
63%
Lublin
51%
Katowice
50%
Kielce
43%
Radom
39%
Opole
38%
Rzeszów
38%
Białystok
32%
Tarnów
31%
Kalisz
28%
Zielona Góra
28%
Nie znaleziono quizów pasujących do podanych kryteriów
Rozkład punktacji
Procent ludzi z każdym wynikiem
Percentyl według liczby udzielonych odpowiedzi
Twoja historia wyników
Nie rozwiązałeś tego quizu od ostatniego zresetowania